| 000 | 00532nam a2200193Ia 4500 | ||
|---|---|---|---|
| 003 | OSt | ||
| 005 | 20250214150825.0 | ||
| 008 | 210210b1937 xxu||||| |||| 00| 0 eng d | ||
| 040 | _cAL | ||
| 041 | _ahin | ||
| 082 | _a868/70 | ||
| 100 |
_aVIDYALNKAR (Satyakam): _9199835 |
||
| 110 |
_bविद्यालंकार सात्यकाम _9199837 |
||
| 245 |
_aRashtra purush: _bराष्ट्र पुरुष |
||
| 260 |
_aPrayag _b- _c1937 |
||
| 690 |
_aBiography _9199836 |
||
| 906 | _a023795 | ||
| 942 |
_2ddc _cBK |
||
| 999 |
_c148760 _d148760 |
||